000 01040cad a22002055a 4500
001 E147450
008 090512e20090505xxk 000 0 eng d
035 _a(Sirsi) u147450
041 0 _aeng
110 2 _aRegisters of Scotland
_95601
245 0 0 _aNumber of properties sold continues to fall
_h[electronic resource]
260 _c2009
490 _aRegisters of Scotland News Release
_v5 May 2009
520 _aReports that sales transactions in Scotland for Q1 2009 fell by 57.1% when compared to Q1 2008, and by 38.7% when compared with Q4 2008. The average house price in Scotland in Q1 2009 decreased by 6.6% when compared with Q1 2008, with the average price of a residential property in Scotland in Q1 2009 standing at £140 318. This is a decrease of 8.7% on Q4 2008.
590 _aKA
651 4 _aScotland
_y1999-
690 _aPROPERTY-RESIDENTIAL PROPERTY-RESIDENTIAL PROPERTY MARKET
856 4 0 _uhttps://www.ros.gov.uk/aboutus/pressreleases.html
_zView the press release free of charge at www.ros.gov.uk...
942 _n0
999 _c81542
_d81542